LDR 01292naa#a2200169#i#450# 001 RU\\bibl\126836 005 20260701153330.3 011 ## _a2782-4926 100 ## _a20260630b2026####ek#y0rusy0150####ca 102 ## _aRU 200 1# _aОБРАЗ АЛЕКСАНДРА НЕВСКОГО В ФИЛЬМЕ С.М. ЭЙЗЕНШТЕЙНА _eЖурнальная статья 210 1# _aКрасноярск _cКрасноярская региональная общественная организация Содружество просветителей Красноярья _d2026 215 ## _a8 с. 608 ## _aЖурнальная статья _2local 675 ## _aСовременное искусство, художественные стили и направления (с конца XIX в.). Реализм, импрессионизм и последующие направления XX в. Если необходимо прежде всего указать географический или хронологический аспект, применяются общие определители места и времени путем интеркаляции после .036 Например,. 7.036 _z 700 #1 _aБелецкая _gУльяна Анатольевна 856 4# _aasiaetother-journal.ru _u